MDQL
is popping MORE tags! Check the
thread
!
Quizzes
Events
Quiz Creation
Community
Videos
Private Events
Remove Ads
Sign In
Join for FREE
Feedback
Dark Mode
Quiz Categories
Sports
Geography
Music
Movies
Television
Just For Fun
Miscellaneous
History
Literature
Language
Science
Gaming
Entertainment
Religion
Holiday
For Kids
Quiz Lab
Recent
Popular Today
Quiz Kudos Today
Editor Picks
Curator Picks
Quizzes by...
Day
Popularity
Type
Ratings
Length
Year
Community
Subscriptions
Recent Discussions
Orange Saloon
Badges
Playlists
Quests
Create
Leaderboards
Showdown
Live 5
Trivia Bingo
Activity
Puzzle Library
Sporcle Events
Private Events
Virtual Trivia
Globe League
Become a Host
Pub Owners
SporcleCon
Opinionation
Our Games
Videos
Blog
Mobile Apps
Partnerships
Remove Ads and Go Orange
Feedback
Sports
Athletes
MLB
NBA
NHL
NFL
Soccer
Sports Teams
WWE
NCAA
Football
Premier League
Basketball
Baseball
Hockey
Golf
Tennis
Cricket
Rugby
Auto Racing
Olympics
World Cup
Sports
Athletes
MLB
NBA
NHL
NFL
Soccer
Sports Teams
WWE
NCAA
Football
Premier League
Basketball
Baseball
Hockey
Golf
Tennis
Cricket
Rugby
Auto Racing
Olympics
World Cup
Random Quiz
Search Sporcle
×
Quiz Lab
Quiz Lab
Sports
NCAA
Type in answers that appear in a list
Type in answers that appear in a list
Classic
Best Score? Go Orange.
March Madness 2011 Stats
Can you name the Teams in March Madness 2011?
By
gunderdude
10m
68 Questions
90 Plays
90 Plays
90 Plays
Comments
Comments
Give Quiz Kudos
Give Quiz Kudos
-
- Ratings
hide this ad
Replay
Link that replays current quiz
Next Quiz
Link to next quiz in quiz playlist
You Got
0%
They Got
Avg Score
63%
Avg Friend Score
Upgrade to see
Score Distribution
Jump to the score distribution portion of the page
Score
0/68
Timer
10:00
0
Plays Today
% Correct
Duke Blue Devils
94.4%
Michigan Wolverines
93.3%
Florida Gators
92.2%
Michigan State Spartans
92.2%
Texas Longhorns
91.1%
Kansas Jayhawks
90%
Ohio State Buckeyes
88.9%
North Carolina Tar Heels
88.9%
Syracuse Orange
88.9%
Kentucky Wildcats
87.8%
Louisville Cardinals
86.7%
Wisconsin Badgers
86.7%
California-Los Angeles Bruins
86.7%
Butler Bulldogs
86.7%
Arizona Wildcats
85.6%
Florida State Seminoles
85.6%
Connecticut Huskies
84.4%
Pittsburgh Panthers
83.3%
Washington Huskies
82.2%
Kansas State Wildcats
82.2%
Gonzaga Bulldogs
82.2%
Villanova Wildcats
81.1%
Georgia Bulldogs
80%
Tennessee Volunteers
80%
Southern California Trojans
80%
Virginia Commonwealth Rams
76.7%
Georgetown Hoyas
74.4%
Illinois Fighting Illini
74.4%
Notre Dame Fighting Irish
73.3%
Purdue Boilermakers
73.3%
Missouri Tigers
72.2%
West Virginia Mountaineers
71.1%
Memphis Tigers
71.1%
Xavier Musketeers
68.9%
% Correct
Marquette Golden Eagles
68.9%
Brigham Young Cougars
68.9%
Clemson Tigers
67.8%
Texas A&M Aggies
67.8%
Princeton Tigers
66.7%
San Diego State Aztecs
65.6%
Vanderbilt Commodores
65.6%
Temple Owls
64.4%
Nevada-Las Vegas Rebels
63.3%
Cincinnati Bearcats
62.2%
Penn State Nittany Lions
60%
St. John's Red Storm
56.7%
Utah State Aggies
52.2%
Richmond Spiders
50%
Boston University Terriers
48.9%
George Mason Patriots
47.8%
Akron Zips
47.8%
Belmont Bruins
47.8%
Bucknell Bison
45.6%
Indiana State Sycamores
43.3%
Alabama-Birmingham Blazers
40%
Old Dominion Monarchs
38.9%
Morehead State Eagles
36.7%
Oakland Grizzlies
33.3%
Hampton Pirates
32.2%
Wofford Terriers
31.1%
St. Peter's Peacocks
26.7%
Long Island-Brooklyn Blackbirds
24.4%
Alabama State Hornets
24.4%
Northern Colorado Bears
23.3%
Texas-San Antonio Roadrunners
21.1%
Arkansas-Little Rock Trojans
12.2%
North Carolina-Asheville Bulldogs
5.6%
California-Santa Barbra Gauchos
2.2%
Quiz Playlist
Details
Report
Send in Message
Add To Playlist
Classic:
Type in answers that appear in a list
Last Updated: Feb 16, 2017
Quiz Scoreboard
CHALLENGE
Sign Up to Join the Scoreboard
Show All
Scores
Hide
Comments
May contain spoilers
Recently Published
Two Season TV Shows II
by 123Four
Television
10m
Image Sorting: Flags VI
by Barbecue
Geography
2m
Find the 'City' Movie
by crazypaving
Movies
60s
More to Explore
Quiz From the Vault
Featured Blog Post
14 Easter Pick-up Lines to Find Eggs With
hide this ad
You Might Also Like...
Tags
Basketball Quiz
College Quiz
NCAA Quiz
Nintendo Quiz
2011
College Sports
March Madness
Today's Top Quizzes in Sports
Browse Sports
hide this ad
Today's Top Quizzes in NCAA
Browse NCAA
Top Contributed Quizzes in Sports
1
Les meilleurs buteurs des matchs entre le PSG et l’OM
2
Les entraîneurs de l'OM et du PSG au 21e siècle
3
2022 World Cup Stars
4
Les joueurs passés par le PSG et l'OM
5
Players with Multiple 50 Home Run Seasons
6
FIFA Club World Cup Champions
7
Criteria MLB: Left Handed Sluggers
8
Les joueurs passés par le LOSC et le RC Lens
9
Top 10 NHL Goal Scorers of All Time
10
MLB Players with Two .350 Batting Average Seasons
Explore More
Trending Topics
Disney
Crossword
Marvel
Harry Potter
Anime
NBA
Kpop
NFL
Puzzle
WWE
Soccer
The Office
Song
Country
Pokémon
hide this ad
More By:
gunderdude
Quiz
Plays
Rating
Category
Featured
Created
MtG Sets by Year
744
1.13
Gaming
Jan 2, 2012
NCAA March Madness 2006
420
3.00
Sports
Apr 15, 2013
NCAA March Madness 2008
365
Sports
Apr 12, 2013
NCAA March Madness 2007
356
3.00
Sports
Apr 15, 2013
March Madness 2013 Winners per Round
239
5.00
Sports
Apr 10, 2013
Go to Creator's Profile
Score Distribution
Quiz Creator Spotlight
gunderdude
Follow
Send a Message
Quizzes Created
-
Created Quiz Play Count
-
More By This Creator
Popular Quizzes Today
1
Find the US States - No Outlines Minefield
2
Colored Red Africa Blitz
3
Find the 'City' Movie
4
5x2 Blitz: Bands
5
The Countries of the World
6
Find the Countries of Europe - No Outlines Minefield
7
Find the US States
8
US States
More Sports Quizzes
⚽ UEFA Club Competitions: Serbia
Quiz Lab
Trending Quizzes
Colored Red Europe Blitz I
Colored Red Africa Blitz II
Colored Red Europe Blitz II
Colored Red Europe Blitz III
Colored Red Africa Blitz III
Recently Updated
How Do You Spell That?
pecheneg
Godzilla Movies
pecheneg
Grab Bag: 4-10 Letters
pecheneg
2024 March Madness Bracket
pecheneg
Famous TV Couples
Peacemaker
Champions League XIs: Real Madrid
pecheneg
Largest US Cities 1790-2010
pecheneg
Rides in Walt Disney World
pecheneg
Most Oscar Losses (Acting)
pecheneg
Beyoncé Albums
pecheneg
Trending Topics
Kpop
Harry Potter
Marvel
Anime
NBA
Disney
Crossword
WWE
Country
NFL
Pokémon
Puzzle
Song
The Office
Soccer
Your Account Isn't Verified!
In order to create a playlist on Sporcle, you need to verify the email address you used during registration. Go to your
Sporcle Settings
to finish the process.
Report this User
Report this user for behavior that violates our
Community Guidelines
.
Details:
Send Report
Go to the Sporcle.com Mobile Site →
Comments